| 000 | 00000nam##2200000za#4500 |
| 001 | 9.602879 |
| 003 | CaOODSP |
| 005 | 20240212134142 |
| 007 | cr ||||||||||| |
| 008 | 150406|1997||||xxc|||||o f|0| 0 fre|d |
| 040 | |aCaOODSP|bfre |
| 043 | |an-cn--- |
| 086 | 1 |aNE22-1/1997-7F-PDF |
| 110 | 1 |aCanada. |bOffice national de l'énergie. |
| 245 | 10|aMotifs de décision relativement à Gazoduc Trans Québec & Maritimes Inc. : |h[ressource électronique]|bdemande daté du 24 janvier 1997, dans sa version modifiée, en vue de l'approbation de nouveaux droits exigibles à partir du 1er janvier 1997 et d'un règlement pluriannuel sur les droits |
| 246 | 1 |iTitre de renvoi : |aGazoduc Trans Québec & Maritimes Inc. |
| 260 | |aCalgary - Alberta : |bOffice national de l'énergie |cAvril 1997. |
| 300 | |a32p.|btableaux |
| 490 | 1 |aMotifs de décision|vRHW-1-97 |
| 500 | |aLe nº de catalogue (NE22-1/1997-7F) et l'ISBN (0-662-82052-5) de l'édition imprimée ont été incorrectement copiés dans cette édition électronique. |
| 590 | |a12-09-Supp|b2012-03-21 |
| 775 | 08|tReasons for decision in the matter of Trans Québec & Maritimes Pipeline Inc. : |w(CaOODSP)9.572530 |
| 776 | 0#|tRelativement à Gazoduc Trans Québec & Maritimes Inc. : |w(CaOODSP)9.624337 |
| 830 | #0|aMotifs de décision (Canada. Office national de l'énergie)|vRHW-1-97|w(CaOODSP)9.500899 |
| 856 | 40|ahttp://publications.gc.ca|qPDF|s98 Ko|uhttps://publications.gc.ca/collections/Collection/NE22-1-1997-7F.pdf|yRHW-1-97 |